[Event "Hampshire Major"]
[Site "Fareham"]
[Date "2022.11.05"]
[Round "2"]
[White "Morrison, Joseph"]
[Black "Walters, Philip"]
[Result "0-1"]
[WhiteElo "1656"]
[BlackElo "1736"]
[PlyCount "109"]
[EventDate "2022.11.04"]
[EventType "swiss"]
[EventRounds "6"]
[EventCountry "ENG"]
[SourceVersionDate "2022.12.05"]

1. c4 e6 2. Nc3 d5 3. cxd5 exd5 4. d4 Nf6 5. Bg5 Be7 6. Qc2 h6 7. Bxf6 Bxf6 8.
e3 c6 9. Bd3 O-O 10. Nge2 Re8 11. O-O Be6 12. Ng3 g6 13. Rae1 Bg7 14. f4 f5 15.
Re2 Nd7 16. Ref2 Nf6 17. Qc1 Ng4 18. Rf3 Bf7 19. Nd1 Qh4 20. h3 Nf6 21. Bb1 Re7
22. Bxf5 Ne4 23. Nxe4 dxe4 24. Bxe4 Rxe4 25. Nc3 Re7 26. f5 gxf5 27. Rxf5 Bg6
28. R5f4 Qh5 29. R1f3 Rf8 30. Ne2 Be4 31. Rxf8+ Bxf8 32. Rg3+ Rg7 33. Nf4 Qe8
34. Rxg7+ Bxg7 35. Qc4+ Kh7 36. Qb4 Bf5 37. Kf2 Qf7 38. Qd6 Bf8 39. Qe5 Bg7 40.
Qa5 b6 41. Qa4 Be4 42. b3 b5 43. Qb4 Bf8 44. Qd2 Bd6 45. g3 Qf5 46. g4 Qf6 47.
Kg3 Be7 48. Qe2 Qh4+ 49. Kh2 Bd6 50. Qf1 Qg5 51. Qf2 Qe7 52. Kg3 c5 53. Qd2
cxd4 54. Qxd4 Qe5 55. Qxa7+ 0-1

[Event "Hampshire Major"]
[Site "Fareham"]
[Date "2022.11.05"]
[Round "2"]
[White "Pinto, Phil"]
[Black "Jones, Eric"]
[Result "0-1"]
[WhiteElo "1721"]
[BlackElo "1703"]
[PlyCount "52"]
[EventDate "2022.11.04"]
[EventType "swiss"]
[EventRounds "6"]
[EventCountry "ENG"]
[SourceVersionDate "2022.12.05"]

1. d4 Nf6 2. c4 g6 3. Nc3 Bg7 4. e4 d6 5. Be3 O-O 6. h3 c6 7. Nf3 e5 8. d5 cxd5
9. cxd5 a6 10. a4 Nh5 11. a5 Nf4 12. g3 Nh5 13. Be2 f5 14. Bb6 Qe7 15. Rc1 Nd7
16. Nd2 Nxb6 17. axb6 Nf6 18. Bc4 Bd7 19. Qe2 Bh6 20. exf5 Bxf5 21. g4 Bd7 22.
f3 Bf4 23. Qf2 Rac8 24. b3 e4 25. fxe4 Nxe4 26. Ncxe4 Bxd2+ 0-1

[Event "Hampshire Major"]
[Site "Fareham"]
[Date "2022.11.05"]
[Round "2"]
[White "Wilcock, Peter"]
[Black "Morrish, John"]
[Result "1/2-1/2"]
[WhiteElo "1789"]
[BlackElo "1643"]
[PlyCount "122"]
[EventDate "2022.11.04"]
[EventType "swiss"]
[EventRounds "6"]
[EventCountry "ENG"]
[SourceVersionDate "2022.12.05"]

1. d4 Nf6 2. Nf3 d5 3. Bf4 c5 4. e3 Nc6 5. Nc3 a6 6. Be2 e6 7. O-O Bd6 8. Bg3
b5 9. Ne5 Qc7 10. Nxc6 Bxg3 11. fxg3 Qxc6 12. Bf3 b4 13. Ne2 a5 14. Nf4 Ba6 15.
Rf2 g6 16. Nd3 Nd7 17. c3 c4 18. Nf4 Nf6 19. Qe1 Rb8 20. Bd1 Ne4 21. Rc2 O-O
22. Bf3 Nf6 23. h4 Rfe8 24. Rd1 b3 25. axb3 cxb3 26. Rf2 Bc4 27. g4 e5 28. dxe5
Rxe5 29. Nd3 Re7 30. g5 Ne4 31. Bxe4 Rxe4 32. Rf6 Qc7 33. Nf4 Rbe8 34. Nxd5
Bxd5 35. Rxd5 Rxe3 36. Qd2 Qg3 37. Rd8 Rxd8 38. Qxd8+ Kg7 39. Qd4 Qe5 40. Qxe5
Rxe5 41. Rb6 a4 42. Kf2 h6 43. gxh6+ Kxh6 44. Rb4 Ra5 45. Ke3 g5 46. hxg5+ Kxg5
47. Kd4 Kf5 48. c4 Ke6 49. c5 Kd7 50. Kd5 Kc7 51. Rf4 a3 52. bxa3 Rxa3 53. Rb4
Ra2 54. Rxb3 Rxg2 55. Rf3 Rg5+ 56. Kc4 f5 57. Kb5 Rg1 58. Rxf5 Rb1+ 59. Kc4
Rc1+ 60. Kd5 Rd1+ 61. Ke6 Kc6 1/2-1/2

[Event "Hampshire Major"]
[Site "Fareham"]
[Date "2022.11.05"]
[Round "2"]
[White "Horlock, Peter"]
[Black "Holmes, David"]
[Result "0-1"]
[WhiteElo "1677"]
[BlackElo "1786"]
[PlyCount "64"]
[EventDate "2022.11.04"]
[EventType "swiss"]
[EventRounds "6"]
[EventCountry "ENG"]
[SourceVersionDate "2022.12.05"]

1. e4 Nc6 2. Nf3 d6 3. d4 Bg4 4. Be2 Nf6 5. Nc3 e5 6. dxe5 dxe5 7. O-O Be7 8.
Be3 O-O 9. Nd2 Bxe2 10. Qxe2 Nd4 11. Bxd4 exd4 12. Nd5 Nxd5 13. exd5 Bb4 14.
Ne4 Qxd5 15. Qd3 Rfe8 16. f3 Rad8 17. a3 Ba5 18. Rad1 Bb6 19. Kh1 c5 20. c4 Qe5
21. Rde1 Bc7 22. f4 Qh5 23. Re2 Qh6 24. Ref2 b6 25. Rf3 Qe6 26. Ng5 Qg6 27. Qd2
h6 28. Nh3 Qe4 29. Ng1 Rd7 30. R3f2 Rde7 31. f5 Qe5 32. Rf3 Qxh2# 0-1

[Event "Hampshire Major"]
[Site "Fareham"]
[Date "2022.11.05"]
[Round "2"]
[White "Stout, Nick"]
[Black "Westcott, Dale"]
[Result "0-1"]
[WhiteElo "1735"]
[BlackElo "1635"]
[PlyCount "68"]
[EventDate "2022.11.04"]
[EventType "swiss"]
[EventRounds "6"]
[EventCountry "ENG"]
[SourceVersionDate "2022.12.05"]

1. d4 d5 2. e3 Nf6 3. Bd3 g6 4. Nd2 Bg7 5. Ngf3 O-O 6. Ne5 Nbd7 7. f4 c5 8. c3
Qc7 9. O-O b6 10. Qf3 Bb7 11. b3 c4 12. Be2 cxb3 13. Nxb3 Ne4 14. Ba3 Ndf6 15.
Rac1 a5 16. Bb5 a4 17. Na1 Nd2 18. Qe2 Nxf1 19. Kxf1 Ne4 20. c4 Bxe5 21. fxe5
Rfc8 22. Qc2 dxc4 23. Bxc4 Qxc4+ 24. Qxc4 Rxc4 25. Rxc4 Nd2+ 26. Ke2 Nxc4 27.
Bxe7 Bxg2 28. Nc2 Rc8 29. Nb4 Be4 30. d5 Nxe5 31. d6 Rc4 32. a3 f5 33. Bf6 Nd7
34. Bd4 Kf7 0-1

[Event "Hampshire Major"]
[Site "Fareham"]
[Date "2022.11.05"]
[Round "2"]
[White "Syed, Ashraf"]
[Black "Sellen, John R"]
[Result "1-0"]
[WhiteElo "1714"]
[BlackElo "1583"]
[PlyCount "51"]
[EventDate "2022.11.04"]
[EventType "swiss"]
[EventRounds "6"]
[EventCountry "ENG"]
[SourceVersionDate "2022.12.05"]

1. d4 f5 2. Bf4 Nf6 3. e3 e6 4. Nd2 d5 5. Ngf3 Bd6 6. Ne5 Qe7 7. Ndf3 O-O 8.
Be2 Nbd7 9. O-O c6 10. c4 Ne4 11. h4 Nef6 12. c5 Bc7 13. b4 Nxe5 14. dxe5 Nd7
15. Qd4 h6 16. g3 Kh7 17. Kg2 Rg8 18. Rh1 Nf8 19. Rag1 Bd7 20. g4 g6 21. Kf1
Qf7 22. Bg5 Bd8 23. Bf6 Bxf6 24. exf6 fxg4 25. Ng5+ hxg5 26. hxg5# 1-0

[Event "Hampshire Major"]
[Site "Fareham"]
[Date "2022.11.05"]
[Round "3"]
[White "Jones, Tim"]
[Black "Baron, Patrik"]
[Result "0-1"]
[WhiteElo "1738"]
[BlackElo "1750"]
[PlyCount "116"]
[EventDate "2022.11.04"]
[EventType "swiss"]
[EventRounds "6"]
[EventCountry "ENG"]
[SourceVersionDate "2022.12.05"]

1. e4 c6 2. Nc3 d5 3. Nf3 dxe4 4. Nxe4 Nf6 5. Nxf6+ exf6 6. Bc4 Bd6 7. O-O O-O
8. d4 Bg4 9. h3 Bh5 10. Re1 Bc7 11. c3 Qd6 12. g4 Bg6 13. Bd3 Nd7 14. Bxg6 hxg6
15. Qd3 Rfe8 16. Bd2 Ne5 17. Nxe5 fxe5 18. Qg3 exd4 19. Qxd6 Bxd6 20. cxd4 Be7
21. Bc3 Bf6 22. f4 Rad8 23. Rxe8+ Rxe8 24. g5 Bd8 25. Re1 Rxe1+ 26. Bxe1 Bb6
27. Bf2 f6 28. Kg2 Kf7 29. Kf3 Ke6 30. Ke4 f5+ 31. Kd3 Kd5 32. a3 Bc7 33. Be3
b5 34. b4 a5 35. Bd2 axb4 36. axb4 Bd6 37. h4 Bc7 38. Bc1 Bb6 39. Bb2 Bc7 40.
Bc1 Bd6 41. Bd2 Bb8 42. Bc1 Ba7 43. Bb2 Bb6 44. Bc3 Bc7 45. Bd2 Bd6 46. Bc1
Bxb4 47. Bb2 Be1 48. Ba3 b4 49. Bc1 Bf2 50. Bd2 b3 51. Kc3 b2 52. Kxb2 Bxd4+
53. Kb3 Ke4 54. Kc4 Be3 55. Bc3 Kxf4 56. Bxg7 Kg4 57. Kd3 Bf4 58. Kd4 Bd6 0-1

[Event "Hampshire Major"]
[Site "Fareham"]
[Date "2022.11.05"]
[Round "3"]
[White "Appleby, Stephen"]
[Black "Collyer, David"]
[Result "1/2-1/2"]
[WhiteElo "1885"]
[BlackElo "1692"]
[PlyCount "41"]
[EventDate "2022.11.04"]
[EventType "swiss"]
[EventRounds "6"]
[EventCountry "ENG"]
[SourceVersionDate "2022.12.05"]

1. d4 Nf6 2. Nf3 g6 3. g3 Bg7 4. c4 d6 5. Bg2 O-O 6. O-O c6 7. Nc3 Nbd7 8. e4
e5 9. h3 exd4 10. Nxd4 Nb6 11. b3 d5 12. Ba3 Re8 13. c5 Nbd7 14. exd5 cxd5 15.
Rc1 a6 16. b4 Ne5 17. Bb2 Nc6 18. Nxc6 bxc6 19. Ne2 Bd7 20. Nd4 Qc7 21. Qd3
1/2-1/2

[Event "Hampshire Major"]
[Site "Fareham"]
[Date "2022.11.05"]
[Round "3"]
[White "Arnold, Simon"]
[Black "Blanden, Edward A"]
[Result "1-0"]
[WhiteElo "1867"]
[BlackElo "1724"]
[PlyCount "65"]
[EventDate "2022.11.04"]
[EventType "swiss"]
[EventRounds "6"]
[EventCountry "ENG"]
[SourceVersionDate "2022.12.05"]

1. e4 c6 2. d4 d5 3. Nd2 dxe4 4. Nxe4 Nf6 5. Nxf6+ exf6 6. c3 Bd6 7. Bd3 b6 8.
Ne2 Qc7 9. Ng3 g6 10. Bh6 Bf8 11. Qd2 Qe7+ 12. Kd1 Be6 13. Bf4 g5 14. Be3 Qd7
15. h4 g4 16. h5 Bd6 17. Ne4 Be7 18. Bh6 f5 19. Ng3 Qd5 20. Kc2 Nd7 21. Qf4 b5
22. Nxf5 Bxf5 23. Bxf5 O-O-O 24. Bg7 Rhg8 25. h6 b4 26. Bxh7 bxc3 27. bxc3 Rge8
28. Be4 Qc4 29. Bd3 Qa4+ 30. Kd2 Qa5 31. Bf5 Bb4 32. Rhc1 Ba3 33. Rcb1 1-0

[Event "Hampshire Major"]
[Site "Fareham"]
[Date "2022.11.05"]
[Round "3"]
[White "McClatchey, Rob"]
[Black "Maul, Philip"]
[Result "0-1"]
[WhiteElo "1838"]
[BlackElo "1686"]
[PlyCount "68"]
[EventDate "2022.11.04"]
[EventType "swiss"]
[EventRounds "6"]
[EventCountry "ENG"]
[SourceVersionDate "2022.12.05"]

1. e4 d5 2. exd5 Qxd5 3. Nc3 Qd6 4. d4 Nf6 5. Bc4 a6 6. Nge2 b5 7. Bd3 Bb7 8.
f3 Nc6 9. Bf4 Qd7 10. Be3 e6 11. O-O Be7 12. Ne4 Nd5 13. Bd2 Ndb4 14. Bxb4 Nxb4
15. c3 Nxd3 16. Qxd3 O-O 17. Rad1 Rfd8 18. Rd2 c5 19. Rfd1 cxd4 20. Nxd4 Qc7
21. Qe2 Rac8 22. Rd3 Bd5 23. b3 Qb7 24. Kf1 a5 25. Re3 a4 26. Qb2 axb3 27. axb3
Ra8 28. Rc1 Ba3 29. Qc2 Bxc1 30. Qxc1 Qb6 31. Nd2 Rdc8 32. Nc2 Qc5 33. b4 Qb6
34. Nd4 Qxd4 0-1

[Event "Hampshire Major"]
[Site "Fareham"]
[Date "2022.11.05"]
[Round "3"]
[White "Dore, Alex"]
[Black "Jackson, Lewis"]
[Result "1-0"]
[WhiteElo "1700"]
[BlackElo "1435"]
[PlyCount "33"]
[EventDate "2022.11.04"]
[EventType "swiss"]
[EventRounds "6"]
[EventCountry "ENG"]
[SourceVersionDate "2022.12.05"]

1. d4 b6 2. Nc3 e6 3. Bf4 Bb7 4. e4 Bb4 5. Nge2 Bxe4 6. a3 Bxc3+ 7. Nxc3 Bb7 8.
Qg4 g6 9. Be2 f5 10. Qg3 d6 11. O-O-O a6 12. Rhe1 Kf7 13. Bc4 d5 14. Bxc7 Qc8
15. Bb3 Nd7 16. Qd6 Qe8 17. Nxd5 1-0

[Event "Hampshire Major"]
[Site "Fareham"]
[Date "2022.11.05"]
[Round "3"]
[White "Walters, Philip"]
[Black "Stuart, Graham B"]
[Result "0-1"]
[WhiteElo "1736"]
[BlackElo "1767"]
[PlyCount "100"]
[EventDate "2022.11.04"]
[EventType "swiss"]
[EventRounds "6"]
[EventCountry "ENG"]
[SourceVersionDate "2022.12.05"]

1. d4 Nf6 2. c4 g6 3. Nc3 Bg7 4. e4 d6 5. Bg5 O-O 6. Nge2 Nc6 7. Qd2 e5 8. d5
Ne7 9. Ng3 a5 10. a4 Nd7 11. h4 Nc5 12. Ra3 f6 13. Bh6 f5 14. Bxg7 Kxg7 15. h5
f4 16. hxg6 hxg6 17. Nb5 Bd7 18. Ne2 Nxe4 19. Qc1 c6 20. g3 cxb5 21. gxf4 Qb6
22. Re3 Bf5 23. Bg2 Nc5 24. Kf1 Rh8 25. Rxh8 Rxh8 26. fxe5 Nd3 27. Qc3 b4 28.
Qd2 Nxe5 29. f4 Nxc4 30. Rxe7+ Kf6 31. Qc1 Kxe7 32. Qxc4 Qc5 33. Qb3 Rc8 34.
Qg3 Qc2 35. Qe3+ Kd7 36. Bh3 Qd1+ 37. Kf2 Qxd5 38. Bxf5+ Qxf5 39. Nd4 Qd5 40.
Qh3+ Kc7 41. Nb5+ Kb8 42. Qd7 Rc2+ 43. Ke3 Qd2+ 44. Ke4 Rc4+ 45. Kf3 Qxf4+ 46.
Ke2 Qe4+ 47. Kf2 Rc2+ 48. Kg3 Rg2+ 49. Kh3 Qf3+ 50. Kh4 Qh5# 0-1

[Event "Hampshire Major"]
[Site "Fareham"]
[Date "2022.11.05"]
[Round "3"]
[White "Agostinelli, David R"]
[Black "Archer Lock, Helen"]
[Result "1-0"]
[WhiteElo "1761"]
[BlackElo "1595"]
[PlyCount "127"]
[EventDate "2022.11.04"]
[EventType "swiss"]
[EventRounds "6"]
[EventCountry "ENG"]
[SourceVersionDate "2022.12.05"]

1. c4 e6 2. Nf3 f5 3. g3 Nf6 4. Bg2 Be7 5. O-O O-O 6. d4 d5 7. cxd5 exd5 8. Nc3
c6 9. e3 Ne4 10. Ne5 Nd7 11. f4 Ndf6 12. Nxe4 Nxe4 13. Bxe4 dxe4 14. Qb3+ Qd5
15. Qxd5+ cxd5 16. Bd2 Be6 17. Rac1 Rac8 18. a3 Bf6 19. Rxc8 Bxc8 20. Rc1 g5
21. Bb4 Re8 22. Rc7 Bxe5 23. fxe5 f4 24. gxf4 gxf4 25. exf4 e3 26. Rc3 e2 27.
Re3 Kf7 28. Rxe2 Bh3 29. Re3 Bf5 30. Rg3 Rc8 31. Bc3 b5 32. Kf2 a5 33. Rg5 Ke6
34. h4 b4 35. axb4 axb4 36. Bxb4 Rc2+ 37. Ke3 Rxb2 38. Bc5 Rb3+ 39. Kd2 Rf3 40.
Rg7 Be4 41. f5+ Kxf5 42. Rxh7 Kg4 43. Rg7+ Kxh4 44. e6 Rf2+ 45. Kc3 Rc2+ 46.
Kb4 Rb2+ 47. Ka5 Bd3 48. e7 Ra2+ 49. Kb6 Ra6+ 50. Kc7 Bb5 51. Rg8 Rc6+ 52. Kb7
Re6 53. Kc7 Rc6+ 54. Kd8 Ra6 55. e8=Q Ra8+ 56. Ke7 Bxe8 57. Rxe8 Ra2 58. Kd6
Kg5 59. Kxd5 Kf6 60. Kc6 Ra6+ 61. Bb6 Kf7 62. Re2 Ra8 63. d5 Rc8+ 64. Bc7 1-0

[Event "Hampshire Major"]
[Site "Fareham"]
[Date "2022.11.05"]
[Round "3"]
[White "Jones, Eric"]
[Black "Crosswell, Neil"]
[Result "1/2-1/2"]
[WhiteElo "1703"]
[BlackElo "1758"]
[PlyCount "115"]
[EventDate "2022.11.04"]
[EventType "swiss"]
[EventRounds "6"]
[EventCountry "ENG"]
[SourceVersionDate "2022.12.05"]

1. c4 Nf6 2. g3 g6 3. Bg2 Bg7 4. Nc3 O-O 5. d4 d6 6. e3 Nbd7 7. Nge2 c5 8. O-O
cxd4 9. exd4 Nb6 10. b3 e6 11. Bb2 d5 12. c5 Nbd7 13. b4 a6 14. a4 Ng4 15. b5
Ndf6 16. h3 Nh6 17. Rc1 Bd7 18. Qd3 Qe7 19. Rfe1 Rfc8 20. Nf4 Qd8 21. Rc2 Nf5
22. Rec1 Qe8 23. Re1 Qd8 24. Rce2 Ne7 25. Qd2 Bh6 26. Qc2 Bxf4 27. gxf4 Nf5 28.
Qd2 Qc7 29. Re5 Nh4 30. Bh1 Nh5 31. Qe3 Kh8 32. b6 Qb8 33. Nxd5 exd5 34. Bxd5
f6 35. Rxh5 gxh5 36. Qe7 Qxf4 37. Qxd7 Nf3+ 38. Bxf3 Qxf3 39. Re7 Rg8+ 40. Kf1
Qd1+ 41. Re1 Rg1+ 42. Kxg1 Qxe1+ 43. Kg2 Rg8+ 44. Kf3 Qd1+ 45. Ke3 Qb3+ 46. Ke4
Qxb2 47. Qxb7 Qe2+ 48. Kf5 Qxf2+ 49. Ke6 Qxd4 50. Qe7 Qe5+ 51. Kd7 Rg7 52.
Qxg7+ Kxg7 53. c6 Qd5+ 54. Kc7 Qf7+ 55. Kb8 Qe6 56. Kc7 Qe5+ 57. Kc8 Qd6 58.
Kb7 1/2-1/2

[Event "Hampshire Major"]
[Site "Fareham"]
[Date "2022.11.05"]
[Round "3"]
[White "Sharples, Harry"]
[Black "Schumacher, James"]
[Result "0-1"]
[WhiteElo "1794"]
[BlackElo "1742"]
[PlyCount "68"]
[EventDate "2022.11.04"]
[EventType "swiss"]
[EventRounds "6"]
[EventCountry "ENG"]
[SourceVersionDate "2022.12.05"]

1. d4 Nf6 2. c4 e6 3. Nc3 Bb4 4. Qc2 O-O 5. a3 Bxc3+ 6. Qxc3 b6 7. f3 d5 8. Bg5
Bb7 9. Rc1 c5 10. dxc5 d4 11. Qb3 Nbd7 12. cxb6 axb6 13. Rd1 e5 14. e3 Nc5 15.
Qc2 h6 16. Bh4 Qe7 17. Bf2 Rfd8 18. b4 dxe3 19. Bxe3 Rxd1+ 20. Qxd1 Rd8 21. Qc2
e4 22. Bxc5 bxc5 23. Be2 cxb4 24. a4 Nh5 25. Kf1 Qf6 26. Qb3 Qc3 27. Qb1 b3 28.
Bd1 exf3 29. Nxf3 Qxc4+ 30. Kf2 Qc5+ 31. Kf1 Ba6+ 32. Be2 Bxe2+ 33. Kxe2 Nf4+
34. Kf1 Qc2 0-1

[Event "Hampshire Major"]
[Site "Fareham"]
[Date "2022.11.05"]
[Round "3"]
[White "Westcott, Dale"]
[Black "Edney, Richard"]
[Result "1/2-1/2"]
[WhiteElo "1635"]
[BlackElo "1859"]
[PlyCount "31"]
[EventDate "2022.11.04"]
[EventType "swiss"]
[EventRounds "6"]
[EventCountry "ENG"]
[SourceVersionDate "2022.12.05"]

1. d4 Nf6 2. Nc3 d5 3. Bf4 g6 4. e3 Bg7 5. h3 O-O 6. Nf3 c5 7. Be2 Nc6 8. dxc5
Qa5 9. O-O Qxc5 10. Nb5 a6 11. Nbd4 Qb6 12. Nxc6 bxc6 13. Be5 Bb7 14. c4 Rfd8
15. Qb3 Qxb3 16. axb3 1/2-1/2

[Event "Hampshire Major"]
[Site "Fareham"]
[Date "2022.11.05"]
[Round "3"]
[White "Holmes, David"]
[Black "Ferreira, Erico"]
[Result "1-0"]
[WhiteElo "1786"]
[BlackElo "1592"]
[PlyCount "57"]
[EventDate "2022.11.04"]
[EventType "swiss"]
[EventRounds "6"]
[EventCountry "ENG"]
[SourceVersionDate "2022.12.05"]

1. e4 c6 2. d4 d5 3. Nc3 dxe4 4. Bc4 Nf6 5. f3 exf3 6. Nxf3 Bf5 7. O-O e6 8.
Ng5 Be7 9. Nxf7 Bxc2 10. Nxd8 Bxd1 11. Nxe6 Bg4 12. Nc7+ Kd7 13. Nxa8 b5 14.
Bb3 Na6 15. d5 b4 16. dxc6+ Kxc6 17. Na4 Rxa8 18. Be3 Bd6 19. Rac1+ Kd7 20.
Nc5+ Nxc5 21. Bxc5 Be5 22. h3 Bxb2 23. Rc2 Rc8 24. hxg4 Bc3 25. Ba4+ Ke6 26.
Kh1 Rd8 27. Bb3+ Kd7 28. Rd1+ Ke8 29. Re2+ 1-0

[Event "Hampshire Major"]
[Site "Fareham"]
[Date "2022.11.05"]
[Round "3"]
[White "Torrance, John"]
[Black "Syed, Ashraf"]
[Result "1/2-1/2"]
[WhiteElo "1670"]
[BlackElo "1714"]
[PlyCount "47"]
[EventDate "2022.11.04"]
[EventType "swiss"]
[EventRounds "6"]
[EventCountry "ENG"]
[SourceVersionDate "2022.12.05"]

1. b4 d6 2. c4 c6 3. Bb2 Bf5 4. e3 Nd7 5. Nf3 e5 6. d3 Ngf6 7. Be2 Be7 8. Qc2
Qc7 9. Nbd2 h6 10. O-O O-O 11. e4 Bh7 12. h3 Rac8 13. a3 Rfe8 14. Rfe1 Nf8 15.
d4 Ng6 16. dxe5 dxe5 17. g3 Bf8 18. Nf1 Qd7 19. Kh2 Qc7 20. N3d2 c5 21. b5 a6
22. a4 axb5 23. axb5 b6 24. Ne3 1/2-1/2

[Event "Hampshire Major"]
[Site "Fareham"]
[Date "2022.11.05"]
[Round "3"]
[White "Anderson, Tom"]
[Black "Bradley, William"]
[Result "1/2-1/2"]
[WhiteElo "1757"]
[BlackElo "1827"]
[PlyCount "23"]
[EventDate "2022.11.04"]
[EventType "swiss"]
[EventRounds "6"]
[EventCountry "ENG"]
[SourceVersionDate "2022.12.05"]

1. d4 Nf6 2. c4 e6 3. Nf3 d5 4. Bg5 h6 5. Bxf6 Qxf6 6. Nc3 Bb4 7. Qb3 Bxc3+ 8.
bxc3 c6 9. e3 Nd7 10. Be2 O-O 11. O-O dxc4 12. Qxc4 1/2-1/2

[Event "Hampshire Major"]
[Site "Fareham"]
[Date "2022.11.05"]
[Round "3"]
[White "Moore, Gillian A"]
[Black "Wilcock, Peter"]
[Result "0-1"]
[WhiteElo "1678"]
[BlackElo "1789"]
[PlyCount "96"]
[EventDate "2022.11.04"]
[EventType "swiss"]
[EventRounds "6"]
[EventCountry "ENG"]
[SourceVersionDate "2022.12.05"]

1. d4 d5 2. Bg5 h6 3. Bh4 Bf5 4. e3 Nf6 5. Bxf6 exf6 6. c4 c6 7. cxd5 Bxb1 8.
Qxb1 Bb4+ 9. Kd1 Qxd5 10. Qd3 Na6 11. a3 Be7 12. Nf3 Rd8 13. Be2 Nc5 14. Qc4
O-O 15. Qxd5 Rxd5 16. Kc2 Ne4 17. Rhf1 Rc8 18. Bc4 Rd7 19. b4 a5 20. bxa5 Ra8
21. Bd3 Nd6 22. Nd2 Rxa5 23. Nb3 Ra7 24. a4 Rc7 25. Kd2 b6 26. Rfc1 f5 27. f3
g6 28. a5 Nc8 29. Ke2 bxa5 30. Nc5 Bxc5 31. dxc5 Ne7 32. e4 fxe4 33. fxe4 g5
34. Rcb1 Ng6 35. g3 Ne5 36. Ra4 Rcb7 37. Rd1 Rb2+ 38. Rd2 Nxd3 39. Kxd3 Rd7+
40. Kc3 Rbxd2 41. Rxa5 Rxh2 42. Ra8+ Kg7 43. Rc8 Rh3 44. Rxc6 Rxg3+ 45. Kc4 Rd1
46. Rd6 Rxd6 47. cxd6 Kf8 48. Kd5 Ke8 0-1

[Event "Hampshire Major"]
[Site "Fareham"]
[Date "2022.11.05"]
[Round "3"]
[White "O'Gorman, Brendan"]
[Black "Morrison, Joseph"]
[Result "0-1"]
[WhiteElo "1743"]
[BlackElo "1656"]
[PlyCount "72"]
[EventDate "2022.11.04"]
[EventType "swiss"]
[EventRounds "6"]
[EventCountry "ENG"]
[SourceVersionDate "2022.12.05"]

1. c4 e6 2. g3 d5 3. Bg2 Nf6 4. Nf3 c6 5. Qc2 Be7 6. O-O O-O 7. d4 Nbd7 8. Nbd2
dxc4 9. Nxc4 Nb6 10. Bf4 Nxc4 11. Qxc4 Nd5 12. Bd2 Qb6 13. e4 Nf6 14. Qc2 Bd7
15. Rfd1 Rfd8 16. h3 Rac8 17. Be3 c5 18. d5 exd5 19. exd5 Be8 20. Ne5 Qc7 21.
Nc4 Bd6 22. Nxd6 Qxd6 23. Bf4 Qf8 24. Bf3 b6 25. d6 Bc6 26. Bxc6 Rxc6 27. Qa4
Qe8 28. Re1 Qd7 29. Re7 Qc8 30. Qxa7 Rf8 31. Rae1 Qxh3 32. Qb7 Ng4 33. Be3 Rxd6
34. Qc7 Qh2+ 35. Kf1 Nxe3+ 36. R7xe3 Rd2 0-1

[Event "Hampshire Major"]
[Site "Fareham"]
[Date "2022.11.05"]
[Round "3"]
[White "Morrish, John"]
[Black "Lawrence, Simon"]
[Result "1-0"]
[WhiteElo "1643"]
[BlackElo "1718"]
[PlyCount "71"]
[EventDate "2022.11.04"]
[EventType "swiss"]
[EventRounds "6"]
[EventCountry "ENG"]
[SourceVersionDate "2022.12.05"]

1. e4 e6 2. b3 d5 3. Bb2 dxe4 4. Nc3 Nf6 5. Qe2 Be7 6. g4 e5 7. h3 Nc6 8. O-O-O
Nd4 9. Qe3 Be6 10. d3 Qd6 11. dxe4 Qc5 12. Nf3 Nxf3 13. Qxf3 O-O 14. Nd5 Bxd5
15. exd5 Bd6 16. g5 Nd7 17. Bd3 Qa5 18. Qf5 g6 19. Qxd7 Qxa2 20. Qa4 Qxa4 21.
bxa4 Rfe8 22. Rhe1 c6 23. dxc6 Bc5 24. f3 bxc6 25. Bxe5 Bf2 26. Re4 Rad8 27.
Rd2 Bb6 28. Rde2 Ba5 29. Bf6 Rxe4 30. Rxe4 Rb8 31. Re7 Bb6 32. Bc4 Rf8 33. a5
Bc5 34. Rc7 Be3+ 35. Kd1 Rb8 36. Bxf7+ 1-0

[Event "Hampshire Major"]
[Site "Fareham"]
[Date "2022.11.05"]
[Round "3"]
[White "Deacon, Matthew"]
[Black "Sawers, Kevin"]
[Result "1-0"]
[WhiteElo "1717"]
[BlackElo "1658"]
[PlyCount "53"]
[EventDate "2022.11.04"]
[EventType "swiss"]
[EventRounds "6"]
[EventCountry "ENG"]
[SourceVersionDate "2022.12.05"]

1. d4 Nf6 2. c4 g6 3. Nc3 Bg7 4. e4 d6 5. Nf3 O-O 6. Be2 e5 7. d5 Na6 8. O-O
Nc5 9. Qc2 a5 10. Bg5 Bd7 11. b3 Qe8 12. a3 Nh5 13. b4 axb4 14. axb4 Rxa1 15.
Rxa1 Na6 16. Rb1 f5 17. Ne1 Nf4 18. Bf1 fxe4 19. Nxe4 Bf5 20. f3 h6 21. Bh4 g5
22. Bf2 Qe7 23. c5 Nxd5 24. Bc4 c6 25. cxd6 Qd7 26. b5 Nc5 27. Bxc5 1-0

[Event "Hampshire Major"]
[Site "Fareham"]
[Date "2022.11.05"]
[Round "3"]
[White "Ramaraju, Siddarth"]
[Black "Wicken, Jack"]
[Result "0-1"]
[WhiteElo "1553"]
[BlackElo "1684"]
[PlyCount "86"]
[EventDate "2022.11.04"]
[EventType "swiss"]
[EventRounds "6"]
[EventCountry "ENG"]
[SourceVersionDate "2022.12.05"]

1. e4 e5 2. Nc3 Nc6 3. Nf3 Nf6 4. Bc4 Bc5 5. d3 d6 6. h3 Be6 7. Bb3 O-O 8. Bg5
h6 9. Be3 Bb6 10. Qd2 Qe7 11. Bxb6 axb6 12. Nd5 Bxd5 13. exd5 Na5 14. Qb4 Nxb3
15. Qxb3 e4 16. dxe4 Qxe4+ 17. Kf1 Qxd5 18. Qxd5 Nxd5 19. c4 Nb4 20. a3 Nc6 21.
g4 Rfe8 22. Kg2 Re2 23. Rab1 Rae8 24. b4 Ra2 25. Ra1 Ree2 26. Rxa2 Rxa2 27. Re1
Kf8 28. Re3 Rc2 29. c5 bxc5 30. bxc5 Rxc5 31. Rb3 b6 32. Nd2 d5 33. Rd3 Na5 34.
Nf3 Nc6 35. Nh4 g6 36. Kg3 Ne5 37. Rd4 c6 38. Kf4 Nc4 39. Nf3 Nxa3 40. Ke5 Ke7
41. Rd3 Rc4 42. Nd4 Nb5 43. Nxb5 Re4# 0-1

[Event "Hampshire Major"]
[Site "Fareham"]
[Date "2022.11.05"]
[Round "3"]
[White "Belinger, John"]
[Black "Stout, Nick"]
[Result "1/2-1/2"]
[WhiteElo "1668"]
[BlackElo "1735"]
[PlyCount "101"]
[EventDate "2022.11.04"]
[EventType "swiss"]
[EventRounds "6"]
[EventCountry "ENG"]
[SourceVersionDate "2022.12.05"]

1. e4 d5 2. exd5 Qxd5 3. Nc3 Qd8 4. d4 c6 5. Nf3 Bf5 6. Bd3 Bxd3 7. Qxd3 e6 8.
O-O Nf6 9. Ne5 Nbd7 10. f4 Be7 11. Be3 O-O 12. Ne2 c5 13. c3 Nxe5 14. fxe5 Ng4
15. Rad1 Nxe3 16. Qxe3 cxd4 17. cxd4 Qb6 18. Rb1 Rac8 19. Rfc1 h6 20. Rxc8 Rxc8
21. Qd3 Bg5 22. Kf1 Qa5 23. a3 Qa4 24. Qf3 Qc2 25. Ra1 Qxb2 26. Rd1 Rc2 27. Qd3
Rd2 28. Rxd2 Qxd2 29. Qxd2 Bxd2 30. Kf2 b5 31. Kf3 a5 32. Ke4 f6 33. h3 Kf7 34.
g4 f5+ 35. gxf5 exf5+ 36. Kd3 Bg5 37. Nc3 b4 38. axb4 axb4 39. Nd5 Be7 40. Kc4
g5 41. Ne3 f4 42. Ng4 h5 43. Nf2 Ke6 44. Nd3 g4 45. Nxf4+ Kf5 46. hxg4+ hxg4
47. Ne2 Ke4 48. Ng3+ Kf4 49. Nh5+ Kg5 50. Ng3 Kf4 51. Nh5+ 1/2-1/2